Éléments de linguistique générale / (Record no. 125459)

MARC details
000 -LEADER
campo de control de longitud fija 00723nam a2200241 i 4500
001 - NÚMERO DE CONTROL
campo de control 125459
003 - IDENTIFICADOR DE NÚMERO DE CONTROL
campo de control ES-MaACL
005 - FECHA Y HORA DE LA ÚLTIMA TRANSACCIÓN
campo de control 20230906192632.0
007 - CAMPO FIJO DE DESCRIPCIÓN FÍSICA--INFORMACIÓN GENERAL
campo de control de longitud fija t|
008 - DATOS DE LONGITUD FIJA--INFORMACIÓN GENERAL
campo de control de longitud fija 070612s1970 fr ||||1| fre d
080 ## - NÚMERO DE LA CLASIFICACIÓN DECIMAL UNIVERSAL
Número de la Clasificación Decimal Universal 81
100 1# - ENTRADA PRINCIPAL--NOMBRE DE PERSONA
Nombre de persona Martinet, André.
9 (RLIN) 77704
245 10 - MENCIÓN DEL TÍTULO
Título Éléments de linguistique générale /
Mención de responsabilidad, etc. André Martinet.
260 ## - PUBLICACIÓN, DISTRIBUCIÓN, ETC.
Lugar de publicación, distribución, etc. Paris :
Nombre del editor, distribuidor, etc. Librairie Armand colin,
Fecha de publicación, distribución, etc. 1970.
300 ## - DESCRIPCIÓN FÍSICA
Extensión 217 p. ;
Dimensiones 17 cm.
490 1# - MENCIÓN DE SERIE
Mención de serie Collection U2 ;
Designación de volumen o secuencia 15
500 ## - NOTA GENERAL
Nota general Biblioteca Jacinto Martínez Lafuente.
500 ## - NOTA GENERAL
Nota general Índice terminológico: p.211-217.
650 #4 - PUNTO DE ACCESO ADICIONAL DE MATERIA--TÉRMINO DE MATERIA
Término de materia o nombre geográfico como elemento de entrada Lingüística.
9 (RLIN) 14463
830 0# - PUNTO DE ACCESO ADICIONAL DE SERIE-TÍTULO UNIFORME
Título uniforme Collection U2 ;
Designación de volumen o secuencia 15
9 (RLIN) 186642
852 ## - LOCALIZACIÓN
Ubicación ES-MaACL
Número de control de estantería E-11672
Sublocalización o colección R.139711
Holdings
Estatus retirado Estado de pérdida Estado de daño No para préstamo Biblioteca de origen Biblioteca actual Ubicación en estantería Fecha de adquisición Fuente de adquisición Total de préstamos Signatura topográfica completa Código de barras Visto por última vez Precio de reemplazo Tipo de ítem Koha
        Biblioteca del Ateneo de Madrid Biblioteca del Ateneo de Madrid Depósito 2 17/01/2008     E-11672 1130697 23/02/2023 23/02/2023 Libro impreso